000
002650000a22000970004500
100
1
_a
Knowles, Michael P.
245
1
0
_a
Moses, the law, and the unity of 4 ezra
300
_a
Vol. 31, Num. 3 (Julio, 1989), Páginas 257-274
773
0
_t
Novum Testamentum
942
_c
ANA
999
_c
56778
_d
56778